MARC

LEADER 00000nam0a2200000 4500
001 86927
005 20231031101934.0
020 |a RU  |b 83-67516 
035 |a (RuTPU)RU\TPU\book\93330 
090 |a 86927 
100 |a 20051201d1983 m y0rusy5003 ca 
101 0 |a rus 
102 |a BY 
105 |a a j 001zy 
200 1 |a Заполнители для бетона  |e учебное пособие   |f С. М. Ицкович 
205 |a 2-е изд., перераб. и доп. 
210 |a Минск  |c Вышэйш. шк.  |d 1983 
215 |a 214 с.  |c ил.  |d 20 см 
320 |a Библиогр.: с. 210. 
610 1 |a бетон 
610 1 |a заполнители 
610 1 |a строительные материалы 
610 1 |a бетонные смеси 
610 1 |a структура 
610 1 |a свойства 
610 1 |a заполнители пористые 
610 1 |a отходы промышленные 
610 1 |a керамзиты 
610 1 |a аглопориты 
610 1 |a шлаковая пемза 
610 1 |a производство 
610 1 |a применение 
610 1 |a учебные пособия 
675 |a 691.322(075.8)  |z rus 
700 1 |a Ицкович  |b С. М.  |g Семен Михайлович  |4 070 
801 0 |a RU  |b RuMRKP  |c 19950704  |g psbo 
801 1 |a RU  |b 63413507  |c 20051201  |g PSBO 
801 2 |a RU  |b 63413507  |c 20080118  |g PSBO 
942 |c BK